Statistics for Worst people in history

Click here to take the quiz!

General Stats

  • This quiz has been taken 205 times
    (118 since last reset)
  • The average score is 6 of 25

Answer Stats

Rank Villain % Correct
3Adolf Hitler
100%
2Joseph Stalin
89%
11Mao Zedong
63%
6Pol Pot
52%
12Osama Bin Laden
37%
14Saddam Hussein
35%
8Vlad the Impaler
30%
17Nero
30%
16Genghis Khan
29%
22Hirohito
24%
4Ivan the Terrible
24%
25Attila the Hun
23%
1Heinrich Himmler
22%
21Caligula
22%
20Muamar Gaddafi
13%
19Ayatollah Khomeini
13%
18Jeffrey Dahmer
10%
7Judas Iscariot
9%
10Jim Jones
6%
24Robespierre
5%
15Idi Amin Dada
4%
23Bloody Mary
4%
5Elizabeth Bathory
1%
13Leopold II of Belgium
1%
9Dr.Holmes
0%

Score Distribution

Percentile by Number Answered

Percent of People with Each Score

Your Score History

You have not taken this quiz since the last reset